000 nam a22 7a 4500
999 _c28338
_d28338
008 170301b xxu||||| |||| 00| 0 eng d
020 _a9781562266479
050 _aHB 172 .F58 2009
100 _aFitzsimmons, Tuathal T.
245 _aPrinciples of Macroeconomics/
_cTuathal T. Fitzsimmons, M. M Manfred, James F. Willis
250 _a2nd ed.
260 _aU.S.A:
_bCAT Publishing,
_c2009.
300 _axiv,308p.:
_bill.;
_c27cm.
521 _aIncludes bibliographical references and index.
650 _aMacroeconomics.
700 _aFabritius, M. Manfred
700 _aWillis, James F.
942 _2lcc
_cBOOKS
_hHB 172 .F58 2009